000 00717nam a2200253 a 4500
008
020 _a0077107754 (pbk.)
020 _a9197049042 (pbk.)
049 _aMAIN
090 _aHB171.5
_bBEG
100 1 _aBegg, David.
245 1 0 _aEconomics /
_cDavid Begg, Stanley Fischer and Rudiger Dornbusch.
250 _a2nd ed.
260 _aLondon :
_bMcGraw-Hill,
_c1998.
300 _axxix, 674 p. ;
_c26 cm.
650 0 _aEconomics
_vHandbooks, manuals, etc.
700 1 _aFischer, Stanley.
700 1 _aDornbusch, Rudiger.
907 _a.b1015825x
_b16-05-12
_c08-03-05
003
005 20230123134059.0
040 _cNUST
942 _cBOOKS
_kHB171.5
_mBEG
999 _c159682
_d159682